000
00276nam a2200109Ia 4500
008
200302s9999 xx 000 0 und d
100
_a
Stephen Graham & Other
245
_a
Splintering Urbanism
260
_b
Routledge Taylor & Francis Group
260
_c
2001
300
_a
479 P.,
999
_c
5500
_d
5500